000 00473nam a2200157Ia 4500
005 20250213004605.0
008 240331s9999 xx 000 0 und d
020 _a8170131405
082 _bDES
_a954.93
100 _aDeSilva,C.R
245 0 _aCeylon under the British occupation 1795-1833 :
_bits political,administrative and economic development
260 _aNew Delhi
_bNavarang Publishers
_c1995
300 _avii, 639 p ., ( V - II)
650 _aEconomic
942 _cL
999 _c3493
_d3493